Germany Current Squad - Statistics

General Stats
  • This quiz has been taken 153 times
    63 since last reset
  • The average score is 17 of 25
Answer Stats
Role Club Player Name % Correct
Goalkeeper Barcelona Marc-André ter Stegen
100%
Midfielder Liverpool Florian Wirtz
94%
Midfielder Bayern Munich Joshua Kimmich
94%
Forward Galatasaray Leroy Sané
89%
Midfielder Bayern Munich Leon Goretzka
85%
Forward West Ham United Niclas Füllkrug
85%
Forward Bayern Munich Serge Gnabry
85%
Midfielder Bayern Munich Aleksandar Pavlović
74%
Forward Borussia Dortmund Karim Adeyemi
74%
Defender Bayern Munich Jonathan Tah
72%
Goalkeeper Hoffenheim Oliver Baumann
72%
Defender RB Leipzig David Raum
68%
Midfielder Bayer Leverkusen Robert Andrich
68%
Goalkeeper VfB Stuttgart Alexander Nübel
66%
Coach - Julian Nagelsmann
64%
Forward VfB Stuttgart Deniz Undav
62%
Defender VfB Stuttgart Maximilian Mittelstädt
57%
Defender AS Monaco Thilo Kehrer
57%
Defender Borussia Dortmund Waldemar Anton
55%
Defender Eintracht Frankfurt Robin Koch
53%
Midfielder Borussia Dortmund Felix Nmecha
49%
Defender Fiorentina Robin Gosens
49%
Forward VfB Stuttgart Nick Woltemade
47%
Midfielder Borussia Dortmund Pascal Groß
43%
Midfielder Bayern Munich Tom Bischof
23%
No matching quizzes found
Score Distribution
Percent of People with Each Score
Percentile by Number Answered
Your Score History
You have not taken this quiz since the last reset